Southville International School and Colleges
Your cart is empty.
  • Cart
  • Lists
    Public lists Eva Luna New books Lux_list list_1
    Your lists Log in to create your own lists
  • Log in to your account
  • Your cookies
  • Search history
Southville International School and Colleges
  • Advanced search
  • Recent comments
  • Most popular
  • Libraries

Log in to your account

Log in with GOOGLE


If you do not have an external account, but do have a local account, you can still log in:

  1. Home
  2. MARC view: Put your dream to the test :
Normal view MARC view ISBD view

Put your dream to the test : (Record no. 6827)

[ view plain ]
MARC details
000 -LEADER
fixed length control field 01743cam a2200325 a 4500
001 - CONTROL NUMBER
control field 15513690
003 - CONTROL NUMBER IDENTIFIER
control field OSt
005 - DATE AND TIME OF LATEST TRANSACTION
control field 20140310181917.0
008 - FIXED-LENGTH DATA ELEMENTS--GENERAL INFORMATION
fixed length control field 081106s2009 tnu b 000 0 eng
010 ## - LIBRARY OF CONGRESS CONTROL NUMBER
LC control number 2008044839
020 ## - INTERNATIONAL STANDARD BOOK NUMBER
International Standard Book Number 9780785214120
040 ## - CATALOGING SOURCE
Original cataloging agency DLC
Transcribing agency DLC
Modifying agency DLC
050 00 - LIBRARY OF CONGRESS CALL NUMBER
Classification number HF 5386
Item number .M444 2009
082 00 - DEWEY DECIMAL CLASSIFICATION NUMBER
Classification number HS 248.8
Item number B25 1982
100 1# - MAIN ENTRY--PERSONAL NAME
Personal name Maxwell, John C.,
Dates associated with a name 1947-
9 (RLIN) 1174
245 10 - TITLE STATEMENT
Title Put your dream to the test :
Remainder of title 10 questions that will help you see it and seize it /
Statement of responsibility, etc John C. Maxwell.
260 ## - PUBLICATION, DISTRIBUTION, ETC. (IMPRINT)
Place of publication, distribution, etc Nashville, Tenn. :
Name of publisher, distributor, etc Thomas Nelson,
Date of publication, distribution, etc c2009.
300 ## - PHYSICAL DESCRIPTION
Extent 234 p. ;
Dimensions 24 cm.
504 ## - BIBLIOGRAPHY, ETC. NOTE
Bibliography, etc Includes bibliographical references (p. 227-234).
505 0# - FORMATTED CONTENTS NOTE
Formatted contents note The ownership question : is my dream really my dream? -- The clarity question : do I clearly see my dream? -- The reality question : am I depending on factors within my control to achieve my dream? -- The passion question : does my dream compel me to follow it? -- The pathway question : do I have a strategy to reach my dream? -- The people question : have I included the people I need to realize my dream? -- The cost question : am I willing to pay the price for my dream? -- The tenacity question : am I moving closer to my dream? -- The fulfillment question : does working toward my dream bring satisfaction? -- The significance question : does my dream benefit others?.
521 ## - TARGET AUDIENCE NOTE
Target audience note
541 ## - IMMEDIATE SOURCE OF ACQUISITION NOTE
-- 1
562 ## - COPY AND VERSION IDENTIFICATION NOTE
Number of copies 1
650 #0 - SUBJECT ADDED ENTRY--TOPICAL TERM
Topical term or geographic name as entry element Success in business.
9 (RLIN) 442
650 #0 - SUBJECT ADDED ENTRY--TOPICAL TERM
Topical term or geographic name as entry element Success.
9 (RLIN) 730
650 #0 - SUBJECT ADDED ENTRY--TOPICAL TERM
Topical term or geographic name as entry element Conduct of life.
9 (RLIN) 1175
906 ## - LOCAL DATA ELEMENT F, LDF (RLIN)
a 7
b cbc
c orignew
d 1
e ecip
f 20
g y-gencatlg
942 ## - ADDED ENTRY ELEMENTS (KOHA)
Source of classification or shelving scheme Library of Congress Classification
Koha item type
Item part P GS
Holdings
Withdrawn status Lost status Source of classification or shelving scheme Damaged status Home library Current library Shelving location Date acquired Total Checkouts Full call number Barcode Date last seen Copy number Price effective from Koha item type
    Library of Congress Classification   Luxembourg Library Luxembourg Library Teachers Reference Section 07/17/2013   HF 5386 .M444 2009 17668 08/13/2013 1 07/17/2013 Books

Put your dream to the test :

APA

Maxwell J. C., . (2009). Put your dream to the test. Nashville, Tenn: Thomas Nelson.

Chicago

Maxwell John C, . 2009. Put your dream to the test. Nashville, Tenn: Thomas Nelson.

Harvard

Maxwell J. C., . (2009). Put your dream to the test. Nashville, Tenn: Thomas Nelson.

MLA

Maxwell John C, . Put your dream to the test. Nashville, Tenn: Thomas Nelson. 2009.

  • Place hold
  • Print
  • Cite
  • Add to your cart (remove)
  • Save record
    BIBTEX Dublin Core MARCXML MARC (non-Unicode/MARC-8) MARC (Unicode/UTF-8) MARC (Unicode/UTF-8, Standard) MODS (XML) RIS
  • More searches
    Search for this title in:
    Other Libraries (WorldCat) Other Databases (Google Scholar) Online Stores (Bookfinder.com) Open Library (openlibrary.org)

Exporting to Dublin Core...

SOUTHVILLE LIBRARY

Southville International School and Colleges Library

1281 Tropical Ave. Cor. Luxembourg St., BF Homes International, Las Pinas City

Tel. No. 8256374 / 252358 Loc. 117/146

Powered by Koha